Propuesta de un modelo de webquest para la enseñanza de geografía en educación secundaria con la aplicación de googlesites (Record no. 178692)
[ view plain ]
| 000 -CABECERA | |
|---|---|
| campo de control de longitud fija | 01996nab a2200337 a 4500 |
| 005 - FECHA Y HORA DE LA ÚLTIMA TRANSACCIÓN | |
| campo de control | 20260112082536.0 |
| 008 - ELEMENTOS DE LONGITUD FIJA--INFORMACIÓN GENERAL | |
| campo de control de longitud fija | 991125c2015 sp qr p o 000 0 spa d |
| 035 ## - NÚMERO DE CONTROL DEL SISTEMA | |
| Número de control de sistema | UPN01000206591 |
| 040 ## - FUENTE DE LA CATALOGACIÓN | |
| Centro catalogador/agencia de origen | MX-MxUPN |
| Lengua de catalogación | spa |
| Centro/agencia transcriptor | MX-MxUPN |
| Normas de descripción | aacr2 |
| 049 ## - COLECCIÓN | |
| Colección | ART-E |
| 100 1# - ASIENTO PRINCIPAL--NOMBRE PERSONAL | |
| Nombre de persona | Acosta Corporan, Rosalba |
| 100 1# - ASIENTO PRINCIPAL--NOMBRE PERSONAL | |
| Filiación | rosalbarossird@gmail.com |
| 100 1# - ASIENTO PRINCIPAL--NOMBRE PERSONAL | |
| Nombre de persona | Martín Garcia, Antonio V. |
| 100 1# - ASIENTO PRINCIPAL--NOMBRE PERSONAL | |
| Filiación | avmg@usal.es |
| 100 1# - ASIENTO PRINCIPAL--NOMBRE PERSONAL | |
| Nombre de persona | Hernández Martín, Azucena |
| 100 1# - ASIENTO PRINCIPAL--NOMBRE PERSONAL | |
| Filiación | azuher@usal.es |
| 245 10 - MENCIÓN DE TÍTULO | |
| Título | Propuesta de un modelo de webquest para la enseñanza de geografía en educación secundaria con la aplicación de googlesites |
| 506 0# - NOTA DE RESTRICCIONES AL ACCESO | |
| Limitaciones de acceso | Acceso abierto |
| 520 3# - NOTA DE RESUMEN, ETC. | |
| Sumario, etc. | Este artículo presenta una propuesta de Geoquest basada en el modelo de WebQuest que es considerado como una actividad didáctica enriquecedora porque proporciona un conjunto de técnicas elaboradas cuidadosamente bajo los criterios del docente y apoyo de las Tecnologías de la Información y la Comunicación (TIC). Esta herramienta va destinada para los alumnos/as de diferentes niveles; se adapta según los contenidos a trabajar y fomenta un aprendizaje basado en el constructivismo y la colaboración. Además gracias a los avances de los Sistemas de Información Geográfica (SIG) podemos integrar algunos recursos o software con el fin de enriquecer nuestras actividades. En el trabajo se detallan las directrices para la elaboración de nuestro modelo de Geoquest. |
| 650 #2 - ASIENTO SECUNDARIO DE MATERIA - TERMINO TEMATICO | |
| Término de materia o nombre geográfico como elemento de entrada | Webquest |
| 9 (RLIN) | 19420 |
| 650 #7 - ASIENTO SECUNDARIO DE MATERIA - TERMINO TEMATICO | |
| Término de materia o nombre geográfico como elemento de entrada | Educación secundaria |
| 9 (RLIN) | 4281 |
| 650 #4 - ASIENTO SECUNDARIO DE MATERIA - TERMINO TEMATICO | |
| Término de materia o nombre geográfico como elemento de entrada | Tecnologías de la información y comunicación |
| 9 (RLIN) | 21219 |
| 653 0# - TERMINO DE INDIZACION - NO CONTROLADO | |
| Término no controlado | Enseñanza de la geografía |
| 653 0# - TERMINO DE INDIZACION - NO CONTROLADO | |
| Término no controlado | Sitios de google |
| 773 ## - ENLACE AL DOCUMENTO FUENTE/ENTRADA DE REGISTRO ANFITRIÓN | |
| Parte(s) relacionada(s) | No. 52 (2015), p. 1-16 |
| Título | Edutec : revista electrónica de tecnología educativa |
| Número Internacional Normalizado para Publicaciones Seriadas | 1135-9250 |
| 856 4# - LOCALIZACIÓN Y ACCESO ELECTRÓNICOS | |
| Identificador Uniforme del Recurso | <a href="https://www.edutec.es/revista/index.php/edutec-e/article/view/296">https://www.edutec.es/revista/index.php/edutec-e/article/view/296</a> |
| 856 4# - LOCALIZACIÓN Y ACCESO ELECTRÓNICOS | |
| Identificador Uniforme del Recurso | <a href="https://doi.org/10.21556/edutec.2015.52.296">https://doi.org/10.21556/edutec.2015.52.296</a> |
| 902 ## - ELEMENTOS DE DATOS B LOCAL, LDB (RLIN) | |
| Creó | Gloria Jiménez/120126 |
| 905 ## - TIPO DE MATERIAL | |
| Tipo de material | Articulo |
| 942 ## - ELEMENTOS DE PUNTO DE ACCESO ADICIONAL (KOHA) | |
| Tipo de ítem Koha | Artículo Electrónico |
| Estado de retiro | Estado de pérdida | Estado dañado | No para préstamo | Código de colección | Localización permanente | Ubicación/localización actual | Ubicación en estantería | Fecha de adquisición | Total de préstamos | Fecha visto por última vez | Identificador Uniforme del Recurso | Precio válido a partir de | Tipo de ítem Koha |
|---|---|---|---|---|---|---|---|---|---|---|---|---|---|
| Acceso abierto | Bib. Gregorio Torres Quintero | Bib. Gregorio Torres Quintero | En línea | 12/01/2026 | 12/01/2026 | https://doi.org/10.21556/edutec.2015.52.296 | 12/01/2026 | Artículo Electrónico |
